000 00523nam a2200205Ia 4500
005 20250114114729.0
008 131103s9999 xx 000 0 und d
040 _aLoreto College
041 _aEnglish
082 _a900
_bHAL
100 _aHall, D. G.E.
245 4 _aThe league of nations
_cD. G. E. Hall & J. M. Sen
260 _aCalcutta
_bMacmillan
_c1926
300 _axii,176p.
_b ill.,maps
504 _aIncludes index
650 _aHistory - India
700 _aSen, J. M.
850 _aLCBED
942 _cBK
999 _c28897
_d79376